000 00672nam a22001817a 4500
003 UA-OsUOA
001 12311
007 ta
008 20050428b un ||||| |||| 00| 0 ukr d
100 _aЗайванівський М.
942 _cSA
040 _aUA-OsUOA
_cUA-OsUOA
_dUA-OsUOA
245 _aМить між світлом і тінню
_b[У мистец. від. Рівнен. держ. обл. б-ки діє персон. фотовист. Олексія Потянка "Світло і тінь"]
300 _aС.3
955 _a0
773 0 _w0
_tВісті Рівненщини
_dРівне
_d2005
_g№31/22 квіт./
650 7 _aВиставки
_2UDC
999 _c298472
_d298472